| 000 | 00468nab a2200145Ia 4500 | ||
|---|---|---|---|
| 003 | ES-SlBCS | ||
| 005 | 20220906011053.0 | ||
| 008 | 140529s1987-88 xxu||||| |||| 00| 0 eng d | ||
| 041 | _aeng | ||
| 100 | 1 |
_aCaputo, John D. _910759 |
|
| 245 | 0 | 0 |
_aDemythologizing Heidegger: Aletheia and the History of Being _c John D. Caputo |
| 600 | 1 | 0 |
_aHeidegger, Martín _d(1889-1976) _917559 |
| 773 | 0 |
_tReview of Methaphysics _gvol. 41, 1987-88, págs. 519-546 _wRev843 |
|
| 942 | _cAR | ||
| 999 |
_c530906 _d530906 |
||